| 000 | 00754cam a22002412 4500 | ||
|---|---|---|---|
| 001 | 0000018505 | ||
| 005 | 20151217154418.0 | ||
| 008 | 100202s xx 000 0 eng d | ||
| 020 | _a0199231638 : | ||
| 040 |
_aKABU _cKABU |
||
| 100 | 1 |
_aCard, Richard. _@0000177785 |
|
| 245 | 1 | 0 |
_aCard, Cross and Jones criminal law / _cRichard Card. |
| 250 | _a18th ed. | ||
| 260 |
_aOxford : _bO. U. P., _c2008. |
||
| 300 | _alxx, 850 p. | ||
| 650 | 0 |
_aCriminal law _zEngland. _@0000177786 |
|
| 700 | 1 |
_aJones, Philip Asterley. _@0000177787 |
|
| 700 | 1 |
_aCross, Rupert. _@0000177788 |
|
| 852 | 1 | _9p3350 KSH | |
| 852 | 1 | _9p3350 KSH | |
| 908 | _a100202 | ||
| 950 | _@1 | ||
| 999 |
_c11144 _d11144 |
||